Click the Borders, Not the Country - Statistics

General Stats
  • This quiz has been taken 102 times
  • The average score is 12 of 15
Answers on the Map
Answers color-coded by a green-red scale on the quiz's map according to % correct below.
 
Answer Stats
Answer % Correct
Russia
89%
Denmark
86%
Greece
86%
Oman
86%
Namibia
84%
Uruguay
83%
Ecuador
81%
Ireland
81%
Uganda
81%
Cambodia
79%
Mauritania
79%
Indonesia
76%
Slovenia
74%
Honduras
70%
Togo
64%
No matching quizzes found
Score Distribution
Percent of People with Each Score
Percentile by Number Answered
Your Score History
You have not taken this quiz